000 00490nam a2200145Ia 4500
008 181130s2018 xx 000 0 und d
100 _aJain, Monica
245 _aLarge decrease in child stunting despite limited improvement in children's food intake:
_bevidence from rural Bangladesh
260 _c2018
300 _ap.555-583.
504 _dApr
650 _aChild mortality - Bangladesh
773 _aEconomic Development and Cultural Change
906 _aChild mortality - Bangladesh
999 _c506577
_d506577